Hands-on Netscape
Master the most popular and fastest Internet navigation software with Hands-On Netscape. With the video tutorial on the CD, Netscape users can learn by seeing as well as by reading. Includes the "downloader's companion" for Netscape including all the helper applications needed to run...
Spremljeno u:
| Glavni autor: | |
|---|---|
| Format: | Knjiga |
| Jezik: | Undetermined |
| Izdano: |
Upper Saddle River, NJ
Prentice Hall International
1996
|
| Teme: | |
| Oznake: |
Dodaj oznaku
Bez oznaka, Budi prvi tko označuje ovaj zapis!
|
| Thư viện lưu trữ: | Trung tâm Học liệu Trường Đại học Cần Thơ |
|---|
| LEADER | 00912nam a2200205Ia 4500 | ||
|---|---|---|---|
| 001 | CTU_220423 | ||
| 008 | 210402s9999 xx 000 0 und d | ||
| 020 | |c 5.98 | ||
| 082 | |a 005.713769 | ||
| 082 | |b S121 | ||
| 100 | |a Sachs, David | ||
| 245 | 0 | |a Hands-on Netscape | |
| 245 | 0 | |c David Sachs and Henry Stair | |
| 260 | |a Upper Saddle River, NJ | ||
| 260 | |b Prentice Hall International | ||
| 260 | |c 1996 | ||
| 520 | |a Master the most popular and fastest Internet navigation software with Hands-On Netscape. With the video tutorial on the CD, Netscape users can learn by seeing as well as by reading. Includes the "downloader's companion" for Netscape including all the helper applications needed to run full multimedia. The CD also includes software tools for surfing the multimedia Internet. | ||
| 650 | |a Netscape,Netscape | ||
| 904 | |i Hải | ||
| 980 | |a Trung tâm Học liệu Trường Đại học Cần Thơ | ||